| 000 | 00581nam a22002057a 4500 | ||
|---|---|---|---|
| 001 | ES-MaREB00391302-7 | ||
| 003 | OSt | ||
| 005 | 20150414145939.0 | ||
| 008 | 020226s2003 usa g 1vlspa d | ||
| 020 | _a0-07-249053-5 | ||
| 040 | _cBMC | ||
| 082 | _a973 | ||
| 100 | 1 |
_928756 _aBrinkley, Alan |
|
| 245 | 1 | 0 |
_aAmerican History _b: A survey _cAlan Brinkley _nVolume II _pSince 1865 |
| 250 | _a11ยช ed | ||
| 260 |
_aMadrid _bMcGraw-Hill _ccop. 2003 |
||
| 300 |
_aXXIX, p. [408]-951 _bil. _c27 cm |
||
| 651 | 2 | 4 |
_91264 _aEstados Unidos _xHistoria |
| 942 |
_2ddc _cBK _hprozim |
||
| 999 |
_c16047 _d16047 |
||